00622nam a2200229Ia 4500003000900000008004100009040001300050040001300063041000800076100001600084245001800100250000900118260001200127260000900139300001100148300000900159300001000168490000600178942000700184999001700191952018400208IT-RoPAU120407s9999 xx 000 0 und d aIT-RoPAU cIT-RoPAU aita aEmma Amadei aRoma turrita. aRoma aPalombi c1943 a224 p. bTav. c25 cm v1 cBK c29371d29371 00102ddc406725_20000000000000071aPAULUSbPAULUSd2012-04-11l0o725.2r2012-04-11 00:00:00w2012-04-11yBKzInserito da: Anna In data: n.d. fondo: Via A.Severo 56 Progr:31314